00533nam a2200181Ia 450000500170000000800410001704000190005804100120007708200130008910000200010224500700012226000330019230000230022550400500024865000200029870000210031885000120033920230704113458.0131103s9999 xx 000 0 und d aLoreto College aEnglish a946bNIC aNicolini,Gerard 4aThe Ancient SpaniardscGerard Nicolini;translated by Jean Stewart aHampshirebSaxon Housec1974 axv,232 p.b plates aIncludes bibliographical references and index aSpain - History aStewart,Jean,tr. aLCLIB